000 00779cab a2200229 4500
001 WB3019-24
008 090401t1994 xxu||||| |||| 00| 0 eng d
035 _a(Sirsi) u53093
041 _aeng
245 _aHousing association contracts
260 _c1994
350 _a0
490 _aNew Builder
_v(216) 13 May 1994, 7(1)
520 _aBuilding contractors have protested to housing associations for imposing onerous contract conditions, which with improving market conditions will no longer be tolerated.
650 _aBUILT ENVIRONMENT-BUILDING CONTRACT FORMS
650 _aHOUSING ASSOCIATIONS
650 _aJCT 1981
650 _aONEROUS CONDITIONS
690 _aPROPERTY-RESIDENTIAL PROPERTY-RESIDENTIAL PROPERTY MARKET
942 _n0
948 _c04/03/1997
999 _c32751
_d32751